Balance, consolidación y desafíos en el régimen de bienes / (Registro nro. 5851)
[ vista simple ]
| 000 -LEADER | |
|---|---|
| fixed length control field | 01140nab a22002177a 4500 |
| 003 - CONTROL NUMBER IDENTIFIER | |
| control field | OSt |
| 005 - DATE AND TIME OF LATEST TRANSACTION | |
| control field | 20260108215851.0 |
| 008 - FIXED-LENGTH DATA ELEMENTS--GENERAL INFORMATION | |
| fixed length control field | 190514b xxu||||| |||| 00| 0 spa d |
| 040 ## - CATALOGING SOURCE | |
| Transcribing agency | PJ |
| 100 ## - MAIN ENTRY--PERSONAL NAME | |
| 9 (RLIN) | 4336 |
| Personal name | Peracca, Ana G. |
| 245 10 - TITLE STATEMENT | |
| Title | Balance, consolidación y desafíos en el régimen de bienes / |
| Statement of responsibility, etc | Ana G. Peracca. |
| 300 ## - PHYSICAL DESCRIPTION | |
| Extent | p. 75-91 |
| 505 ## - FORMATTED CONTENTS NOTE | |
| Formatted contents note | Sumario: I. Alcance.— II. Introducción.— III. El principio de igualdad, el enfoque de género y la violencia económica.— IV. La autonomía de la voluntad y la elección del régimen patrimonial.— V. El principio de solidaridad.— VI. Algunas cuestiones en torno a las cuales el debate sigue abierto.— VII. A modo de cierre especial.— VII. Brevísimas palabras de cierre. |
| 505 ## - FORMATTED CONTENTS NOTE | |
| Title | Si te interesa el texto, comunicate a koha@justierradelfuego.gov.ar |
| 650 #0 - SUBJECT ADDED ENTRY--TOPICAL TERM | |
| 9 (RLIN) | 1497 |
| Topical term or geographic name as entry element | CODIGO CIVIL Y COMERCIAL |
| 650 #0 - SUBJECT ADDED ENTRY--TOPICAL TERM | |
| 9 (RLIN) | 967 |
| Topical term or geographic name as entry element | DERECHO DE FAMILIA |
| 650 #0 - SUBJECT ADDED ENTRY--TOPICAL TERM | |
| 9 (RLIN) | 5328 |
| Topical term or geographic name as entry element | RÉGIMEN DE COMUNIDAD DE BIENES |
| 650 #0 - SUBJECT ADDED ENTRY--TOPICAL TERM | |
| 9 (RLIN) | 5360 |
| Topical term or geographic name as entry element | VIOLENCIA ECONÓMICA |
| 773 0# - HOST ITEM ENTRY | |
| Host Biblionumber | 2844 |
| Host Itemnumber | 3222 |
| Place, publisher, and date of publication | Buenos Aires : AbeledoPerrot, 1989- |
| Title | Derecho de familia. N° 120 - Julio 2025 |
| International Standard Book Number | 18511201 |
| 942 ## - ADDED ENTRY ELEMENTS (KOHA) | |
| Source of classification or shelving scheme | |
| Koha item type | Analítica Artículo de Revista |
No hay ítems disponibles.
